000 00757 a2200205 4500
001 39255
005 20260407155651.0
008 260407a1974 arg spa d
003 AR-UNSa-BCEJYS
040 _aAR-UNSa-BCEJYS
_bspa
_cAR-UNSa-BCEJYS
080 _a334.726
_xEmpresas multinacionales
245 1 0 _aLas corporaciones multinacionales en el desarrollo mundial
_pun informe de las Naciones Unidas
264 1 _aBuenos Aires :
_bEl Coloquio
_c1974
300 _a257 p.
_c21 cm.
505 _a1. Conceptos y magnitudes - 2. La naturaleza de las corporaciones multinacionales - 3. Impacto y tensiones - 4. Hacia un programa de acción
041 _aspa
942 _cBK
590 _aniveau_biblio:m niveau_hierar:0
100 1 _aLozada, Salvador María
999 _c2995
_d2995